Freud on man and society. (Record no. 69171)

MARC details
000 -LEADER
fixed length control field 00647cam a22002411 4500
001 - CONTROL NUMBER
control field sa 66003918
003 - CONTROL NUMBER IDENTIFIER
control field DLC
005 - DATE AND TIME OF LATEST TRANSACTION
control field 20260227112239.0
008 - FIXED-LENGTH DATA ELEMENTS--GENERAL INFORMATION
fixed length control field 760120s1965 ii 000 0deng
010 ## - LIBRARY OF CONGRESS CONTROL NUMBER
LC control number sa 66003918
035 ## - SYSTEM CONTROL NUMBER
System control number (OCoLC)1935705
040 ## - CATALOGING SOURCE
Original cataloging agency DLC
Transcribing agency GU
Modifying agency DLC
050 00 - LIBRARY OF CONGRESS CALL NUMBER
Classification number BF175.F77
Item number S3
100 1# - MAIN ENTRY--PERSONAL NAME
Personal name Savur, Manorama.
245 10 - TITLE STATEMENT
Title Freud on man and society.
250 ## - EDITION STATEMENT
Edition statement [1st ed.]
260 ## - PUBLICATION, DISTRIBUTION, ETC.
Place of publication, distribution, etc. Bombay,
Name of publisher, distributor, etc. Popular Prakashan
Date of publication, distribution, etc. [1965]
300 ## - PHYSICAL DESCRIPTION
Extent viii, 270, 11 p.
Dimensions 23cm.
504 ## - BIBLIOGRAPHY, ETC. NOTE
Bibliography, etc. note Bibliography : p. 1-4 (at end)
600 10 - SUBJECT ADDED ENTRY--PERSONAL NAME
Personal name Freud, Sigmund,
Dates associated with a name 1856-1939.
650 #0 - SUBJECT ADDED ENTRY--TOPICAL TERM
Topical term or geographic name entry element Psychoanalysis.
650 #0 - SUBJECT ADDED ENTRY--TOPICAL TERM
Topical term or geographic name entry element Social psychology.

No items available.

Powered by Koha